000 00349nam a2200145Ia 4500
003 LK-CoDNM
008 010623t1923 xxu||||| |||| 00| 1 eng d
040 _aLK-CoDNM
_dLK-CoDNM
_eLK-CoDNM
041 _aeng
080 _a15 D 17
245 _aThe Ceylon Penal Code
260 _bH.Ross Cottle
_aColombo
_c1923
300 _b187p., 24 cm
942 _cBK
999 _c91600
_d91600